000 00491nmm a2200169Ia 4500
008 251105s9999||||xx |||||||||||||||||und||
020 _a8476583796
041 _aspa
100 _aMárquez Villanueva, Francisco
245 0 _aOrígenes y sociología del tema celestinesco
264 _a[Madrid, España] :
_bAnthropos,
_c1993
300 _a232 páginas
490 _aHispanistas
650 _aSpanish literature
856 _uhttps://public.digitaliapublishing.com/a/150
942 _cCF
999 _c73316
_d73316